Welcome to UE Central Library

Keep Smiling

The Holy Quran (قرآن الحکیم ) (Record no. 25547)

MARC details
000 -LEADER
fixed length control field 00572nam a22001577a 4500
005 - DATE AND TIME OF LATEST TRANSACTION
control field 20251222151049.0
008 - FIXED-LENGTH DATA ELEMENTS--GENERAL INFORMATION
fixed length control field 251222b ||||| |||| 00| 0 eng d
020 ## - INTERNATIONAL STANDARD BOOK NUMBER
International Standard Book Number 969872036x (hbk)
040 ## - CATALOGING SOURCE
Transcribing agency PK-IsLIS
082 ## - DEWEY DECIMAL CLASSIFICATION NUMBER
Classification number 297.122
Item number Q95
245 ## - TITLE STATEMENT
Title The Holy Quran (قرآن الحکیم )
Statement of responsibility, etc / English translation by Marmaduke Pickthall & Urdu translation by Maulana Fateh Mohammed Jallendhri
260 ## - PUBLICATION, DISTRIBUTION, ETC. (IMPRINT)
Place of publication, distribution, etc Lahore (لاہور) :
Name of publisher, distributor, etc Qudrat Ullah Co. (قدرت اللہ کمپنی)،
Date of publication, distribution, etc 2023۔
300 ## - PHYSICAL DESCRIPTION
Extent 871 p.
650 ## - SUBJECT ADDED ENTRY--TOPICAL TERM
Topical term or geographic name as entry element Islam-Quran ( اسلام-قرآن)
942 ## - ADDED ENTRY ELEMENTS (KOHA)
Koha item type Books
Holdings
Withdrawn status Damaged status Not for loan Home library Current library Date acquired Full call number Barcode Date last seen Price effective from Koha item type
      UE-Central Library UE-Central Library 22.12.2025 297.122 Q95 T5510D 22.12.2025 22.12.2025 Books
Copyright © 2023, University of Education, Lahore. All Rights Reserved.
Email:centrallibrary@ue.edu.pk